| 000 | 00528cam a2200193ua 4500 | ||
|---|---|---|---|
| 001 | 11171 | ||
| 008 | 200819n ii |||gr||||Z||||||asm | ||
| 020 | _a9788186384466 | ||
| 040 | _cMAIN | ||
| 082 | _a491.451 | ||
| 100 |
_aUpen Rabha Haakacham., _eAuthor., |
||
| 245 |
_aAsamiya ruptattvar bichar _cBy Upen Rabha Haakacham |
||
| 250 | _a1st ed. | ||
| 260 |
_aGuwahati: _bAssam Publishing Company, _c2015. |
||
| 300 | _a821p. | ||
| 653 | _aEast Indo-European & Celtic languages | ||
| 653 | _aAssamese Language | ||
| 942 | _cBK | ||
| 999 |
_c10034 _d10034 |
||